Central Library OPAC University of Rajshahi

Tibet : (Record no. 25138)

MARC details
000 -LEADER
fixed length control field 00915cam a22002532 4500
001 - CONTROL NUMBER
control field 25138
003 - CONTROL NUMBER IDENTIFIER
rucl marc code BD-RjUL
005 - DATE AND TIME OF LATEST TRANSACTION
control field 20211209050834.0
008 - FIXED-LENGTH DATA ELEMENTS--GENERAL INFORMATION
fixed length control field 140316s1967 ctuabh b 001 0 eng d
035 ## - SYSTEM CONTROL NUMBER
System control number OCLC ocm06195921 from D961029M
-- (BD-RjUL)25207
040 ## - CATALOGING SOURCE
Original cataloging agency DLC
Transcribing agency DLC
Modifying agency OCL
-- UKM
-- BD-RjUL
Language of cataloging eng
041 ## - LANGUAGE CODE
Language code of text/sound track or separate title eng
082 ## - DEWEY DECIMAL CLASSIFICATION NUMBER
Classification number 320.9515
Author mark and year SHT 1967
100 1# - MAIN ENTRY--PERSONAL NAME
Personal name Shakabpa, W. D.
Fuller form of name (Wangchuk Deden),
Dates associated with a name 1908-1989
9 (RLIN) 77345
245 10 - TITLE STATEMENT
Title Tibet :
Remainder of title a political history /
Statement of responsibility, etc. by Tsepon W. D. Shakabpa.
260 ## - PUBLICATION, DISTRIBUTION, ETC. (IMPRINT)
Place of publication, distribution, etc. New Haven :
Name of publisher, distributor, etc. Yale University Press,
Date of publication, distribution, etc. c1967.
300 ## - PHYSICAL DESCRIPTION
Pagination xii, 369 p. :
Illustrations illus., facsims. (part col., 1 in pocket) fold. map (in pocket) ;
Size 24 cm.
504 ## - BIBLIOGRAPHY, ETC. NOTE
Bibliography, etc Bibliography: p. 335-341 and index.
650 ## - SUBJECT ADDED ENTRY--TOPICAL TERM
Topical term or geographic name as entry element Politics and government.
9 (RLIN) 77346
651 #0 - SUBJECT ADDED ENTRY--GEOGRAPHIC NAME
Geographic name Tibet Autonomous Region (China)
General subdivision Politics and government.
9 (RLIN) 77347
942 ## - ADDED ENTRY ELEMENTS (KOHA)
Source of classification or shelving scheme Dewey Decimal Classification
Koha item type Books
Holdings
Lost status Source of classification or shelving scheme Damaged status Not for loan Collection code Permanent Location Current Location Shelving location Date acquired Source of acquisition Cost, normal purchase price Total Checkouts Full call number Date last seen Copy number Koha item type
  Dewey Decimal Classification   Added to bundle Non-fiction Central Library, University of Rajshahi Central Library, University of Rajshahi Reading Room 16/07/1971 Not Fount. 0.00   320.9515 SHT 1967 16/03/2014 C-1 Books